| 000 | 00428nam a2200157 i 4500 | ||
|---|---|---|---|
| 001 | 94964 | ||
| 003 | ES-MaACL | ||
| 005 | 20230906181611.0 | ||
| 007 | t| | ||
| 008 | 050519s1920 fr ||||1| fre d | ||
| 100 | 1 |
_aLudendorff, Erich. _974609 |
|
| 245 | 1 | 0 |
_aSouvenirs de guerre / _cErich Ludendorff; preface du General Buat. |
| 260 |
_aParis : _bRenouard, _c1920. |
||
| 300 |
_a2 v. ; _c23 cm. |
||
| 852 |
_aES-MaACL _jF-2231-32 |
||
| 999 |
_c94964 _d94964 |
||